000 01247nam a22002177a 4500
999 _c62654
_d62654
003 Ge_BSU
005 20250116102917.0
008 250116s2024 ge ||||| |||| 00| 0 geo d
020 _a9789941488986
041 _ageo
080 _a338.48(479.223)(075.8) ა-15
100 _aაბესაძე, თეიმურაზ
_924051
245 _aსოფლად ტურიზმის ბიზნესის საქონელსა და მომსახურებაზე მოთხოვნა :
_b(ქალაქ ბატუმის მაგალითზე). სასწავლო- მეთოდური სახელმძღვანელ /
_cთეიმურაზ აბესაძე, სალომე ბესტაევა; რედ. როსტომ ბერიძე.
264 _aბათუმი :
_bბსუ,
_c2024.
300 _a93 გვ. :
_bილ.;
_c25 სმ.
501 _aდანართი გვ. 90-92
504 _aბიბლიოგრ. გვ. 88-89
700 _aბესტაევა, სალომე
_eავტორი
_96128
710 _aბერიძე, როსტომ
_bრედაქტორი
_924052
942 _2udc
_cᲬᲘᲒᲜᲘ